000 00200nam a2200097Ia 4500
008 240331s9999 xx 000 0 und d
082 _bDOS
100 _aLucas,M.H.L. ed
245 0 _aDossier
942 _cL
999 _c5483
_d5483